000 00603nam a2200181 i 4500
001 44599
003 ES-MaACL
005 20231228062642.0
007 t|
008 030321s1954 sp ||||1| spa d
245 0 0 _aCódigo de deontología jurídica /
_cpor Alejandro Martínez Gil ; prólogo de José Castán Tobeñas.
260 _a[Madrid :
_bP.Y.L.S.A.,
_c1954] (
_eZaragoza :
_fLa editorial)
300 _a193 p. ;
_c16 cm.
700 1 _aMartínez Gil, Alejandro.
_978119
700 1 _aCastán Tobeñas, José,
_d1889-1969
_936392
852 _aES-MaACL
_jC-10805
_bR.38766
999 _c44599
_d44599